01102nas a2200241Ia 4500001001100000003000900011008004100020040001300061040001300074041001300087100003800100210004500138222004500183245014300228250001100371260003400382501008600416300001100502310001600513362003300529500026000562650003800822R223/A9579IT-RoPAU151124c99999999xx |||||||||||| ||und|| aIT-RoPAU cIT-RoPAU aITALIANO aAA.VV. gCodice Aut. SPICS: 12000 aCHIESA OGGI ARCHITETTURA E COMUNICAZIONE aChiesa Oggi Architettura E Comunicazione aCHIESA OGGI ARCHITETTURA E COMUNICAZIONE, ANNO 01-N.01 (GIUGNO 1992)bChiesa Oggi Architettura E Comunicazione, Anno 01-N.01 (Giugno 1992) a1a ed. aMILANObDI BAIO EDITOREc1992 bPaulus - SPICS - Società San Paolo EM (non-commercial uses only)cCopyright2015 a112 p. aTRIMESTRALE aANNO 001, N.01 (GIUGNO 1992) aIntervista al Card. Martini. Arte Come Annuncio. Altari del Papa nel Mondo, Segno di una Presenza. Pensiero dell'Architetto: Chiesa Come Vaso Prezioso. Barocco e Liturgia Postconciliare. Stato e Chiesa: Restauri e Interventi. Realizzazioni: Tipologie Arch aESTETICAvPUBBLICAZIONE PERIODICA